Caracterización morfológica y fenológica de poblaciones argentinas de girasol silvestre (Helianthus annuus annuus L.) /

Guardado en:
Autor Principal: Presotto, Alejandro.
Autor Corporativo: Universidad Nacional del Sur. Departamento de Agronomía.
Otros Autores: Cantamutto, Miguel A.
Formato: Libro
Idioma:Spanish
Publicado: Bahía Blanca, 2004.
Etiquetas: Agregar Etiqueta
Sin Etiquetas, Sea el primero en etiquetar este registro!
LEADER 00747nam a22001695a 4500
001 EEA.libagro007208
005 20180604132850.0
008 130809s2004####ag#a##########000#0#spa#d
082 0 4 |a 633.85 
100 1 |a Presotto, Alejandro. 
245 1 0 |a Caracterización morfológica y fenológica de poblaciones argentinas de girasol silvestre (Helianthus annuus annuus L.) /  |c Alejandro Presotto. 
260 |a Bahía Blanca,  |c 2004. 
300 |a 41 h. :  |b il. ;  |c 30 cm. 
500 |a Trabajo de intensificación (Ingeniero Agrónomo) -- Universidad Nacional del Sur. Departamento de Agronomía, 2004. 
700 1 |a Cantamutto, Miguel A. 
710 2 |a Universidad Nacional del Sur.  |b Departamento de Agronomía. 
859 |a AR-BbBCA  |b BIB. AGRONOMIA  |h 633.85  |i P934  |p 2004/4579